00428cam a2200169ua 45000010005000000080039000050400009000440820012000532450043000652500009001082600036001173000020001536530023001736530026001967000020002227000016002421012110426n ii |||gr||||Z||||||eng cMAIN a343.0741 aBharatar gramunnayan.cBy Nabin Gohain a1st. aJorhat.:bBidya bhavan.,c2010. a426 p.:c20 cm. aPolitical science. aBharatar gramunnayan. aGohain, Nabin., aDas, Dipen,